Statistics for Baroque Painters #2

Click here to take the quiz!

General Stats

  • This quiz has been taken 19 times
  • The average score is 6 of 16

Answer Stats

Answer% Correct
Peter Paul Rubens
90%
Johannes Vermeer
70%
Caravaggio
60%
Johannes Vermeer
50%
Diego Velazquez
40%
Francisco de Zurbaran
40%
Frans Hals
40%
Georges de La Tour
40%
Claude Lorrain
30%
Peter Paul Rubens
30%
Rembrandt
30%
Annibale Carracci
20%
Bartolomé E. Murillo
20%
Jusepe de Ribera
20%
Le Nain brothers
10%
Rembrandt
10%

Score Distribution

Percentile by Number Answered

Percent of People with Each Score

Your Score History

You have not taken this quiz